George Clooney's Girlfriends Quiz - Statistics

General Stats
  • This quiz has been taken 65 times
  • The average score is 3 of 9
Answer Stats
Hint Answer % Correct
She later married John Travolta Kelly Preston
78%
Sister of catwoman Michelle. Dedee Pfeiffer
55%
She might be able to body slam Clooney. Stacy Keibler
43%
Italian Girlfriend Elisabetta Canalis
40%
Married to Clooney but divorced in 1993. Talia Balsam
35%
British Fashion Model. Met in 2000 while shooting an advertisement for Martini. Lisa Snowdon
31%
Fear factor contestant. Dated Clooney in 2008. Sarah Larson
12%
Met on the set of "Confessions of a Dangerous Mind." Krista Allen
8%
Met in Paris while Clooney was filming "The Peacemaker" in 1996. Broke up in 1999. Celine Balitran
6%
No matching quizzes found
Score Distribution
Percent of People with Each Score
Percentile by Number Answered
Your Score History
You have not taken this quiz